<?xml version="1.0" encoding="UTF-8"?>
<collection xmlns="http://www.loc.gov/MARC21/slim">
 <record>
  <leader>01782nam a2200205Ia 4500</leader>
  <controlfield tag="001">TDMU_35283</controlfield>
  <controlfield tag="008">210410s9999    xx            000 0 und d</controlfield>
  <datafield tag="082" ind1=" " ind2=" ">
   <subfield code="a">333.75</subfield>
  </datafield>
  <datafield tag="090" ind1=" " ind2=" ">
   <subfield code="b">TH103</subfield>
  </datafield>
  <datafield tag="100" ind1=" " ind2=" ">
   <subfield code="a">Thái, Bình Phước</subfield>
  </datafield>
  <datafield tag="245" ind1=" " ind2="0">
   <subfield code="a">Hoàn thiện hệ thống kiểm soát nội bộ tại Ban quản lý tòa nhà trung tâm hành chính công tỉnh Bình Dương</subfield>
  </datafield>
  <datafield tag="245" ind1=" " ind2="0">
   <subfield code="c">Thái Bình Phước; PGS.TS. Trần Phước (hướng dẫn)</subfield>
  </datafield>
  <datafield tag="260" ind1=" " ind2=" ">
   <subfield code="a">Bình Dương</subfield>
  </datafield>
  <datafield tag="260" ind1=" " ind2=" ">
   <subfield code="c">2018</subfield>
  </datafield>
  <datafield tag="300" ind1=" " ind2=" ">
   <subfield code="a">83tr</subfield>
  </datafield>
  <datafield tag="520" ind1=" " ind2=" ">
   <subfield code="a">Chuyên ngành: Kế toán; Mã số: 83.40.301; Ý kiến về việc photo tài liệu:đồng ý sao chép 50%; Ý kiến về việc chép file: đồng ý; TM tài liệu tham khảo sau phần kết luận; Luận văn Thạc sĩ Kế toán trường ĐH Thủ Dầu Một, 2018; Luận văn gồm 3 chương: Chương 1 Cơ sở lý luận về hệ thống kiểm soát nội bộ áp dụng trong đơn vị sự nghiệp công; Chương 2. Thực trạng hệ thống kiểm soát nội bộ tại Ban quản lý toà nhà trung tâm hành chính Bình Dương; Chương 3. Hoàn thiện hệ thống KSNB tại Ban quản lý tòa nhà trung tâm hành chính Bình Dương</subfield>
  </datafield>
  <datafield tag="650" ind1=" " ind2=" ">
   <subfield code="a">Luận văn; Ban quản lý tòa nhà trung tâm hành chính công Bình Dương</subfield>
   <subfield code="x">Kiểm soát nội bộ; Kiểm soát nội bộ</subfield>
   <subfield code="x">Hoàn thiện</subfield>
   <subfield code="z">Bình Dương</subfield>
  </datafield>
  <datafield tag="700" ind1=" " ind2=" ">
   <subfield code="a">Trần Phước</subfield>
  </datafield>
  <datafield tag="856" ind1=" " ind2=" ">
   <subfield code="u">http://lrc.tdmu.edu.vn/opac/search/detail.asp?aID=2&amp;ID=35283</subfield>
  </datafield>
  <datafield tag="980" ind1=" " ind2=" ">
   <subfield code="a">Trung tâm Học liệu Trường Đại học Thủ Dầu Một</subfield>
  </datafield>
 </record>
</collection>
